The Economist, february 22ND-28th 2014 (ბიბ.ჩანაწერი № 42224)
[ მარტივი ფორმატი ]
| 000 -LEADER | |
|---|---|
| fixed length control field | 00311nam a2200133Ia 4500 |
| 001 - CONTROL NUMBER | |
| control field | 8919 |
| 003 - CONTROL NUMBER IDENTIFIER | |
| control field | GE_BSU |
| 008 - FIXED-LENGTH DATA ELEMENTS--GENERAL INFORMATION | |
| fixed length control field | 181216s||||||||xx |||||||||||||| ||und|| |
| 040 ## - CATALOGING SOURCE | |
| Transcribing agency | GE_BSU |
| 245 #4 - TITLE STATEMENT | |
| Title | The Economist, february 22ND-28th 2014 |
| 245 ## - TITLE STATEMENT | |
| Remainder of title | Number 8875.Volume 410 |
| 653 ## - INDEX TERM--UNCONTROLLED | |
| Uncontrolled term | The Economist |
| 942 ## - ADDED ENTRY ELEMENTS (KOHA) | |
| Koha item type | პერიოდიკა |
არაა ხელმისაწვდომი ეგზემპლარები.
